00545nam a22001697a 450000500170000001000150001702000260003203500130005803700130007108200130008424501100009726000440020727000680025130000200031970000170033970000190035620151207121657.0 aENG-114262 a9789381615096c500.00 aEN-97794 bDBAD/PUB a488.0071 aPerspectives of teaching of English in multi-lingual context /cedited by Kiran Angra [and] Onika Dhamija aNew DelhibPragatisheel Prakashanc2012 aN-3/25, 1st Floor, Mohan Garden, Uttam NagarbNew Delhie110059 a114p.c22cm(Hb) aAngra, Kiran aDhamija, Onika